Effect of cover crops on nutrient dynamics in the rubber plantations (Record no. 74570)

MARC details
000 -LEADER
fixed length control field 00391nam a2200133Ia 4500
100 ## - MAIN ENTRY--AUTHOR NAME
Personal name Prathapan, K.K.
245 #0 - TITLE STATEMENT
Title Effect of cover crops on nutrient dynamics in the rubber plantations
260 ## - PUBLICATION, DISTRIBUTION, ETC. (IMPRINT)
Name of publisher Kerala Agricultural University
Place of publication Trivandrum
Year of publication 1995
300 ## - PHYSICAL DESCRIPTION
Number of Pages 235
500 ## - GENERAL NOTE
General note Course: Ph. D
700 ## - ADDED ENTRY--PERSONAL NAME
Personal name Dr C Sredharan
942 ## - ADDED ENTRY ELEMENTS (KOHA)
Koha item type Theses
Holdings
Withdrawn status Lost status Damaged status Not for loan Collection code Home library Current library Shelving location Date acquired Koha item type
      Theses Thesis RRII Library RRII Library Crop management 31/12/2021 Theses